000 00293nam a22001337a 4500
008 171012b xxu||||| |||| 00| 0 eng d
020 _a9780803968912
041 _aeng
080 _23RD
_a316
100 _a50
101 _aSOC
245 _aSOCIOLOGY READINGS
_cNEWMAN,D.M
942 _2udc
_cBK
999 _c33272
_d33272